书目信息 |
| 题名: |
青春在彼岸
|
|
| 作者: | 孔屏, , 袁倪 著 | |
| 分册: | ||
| 出版信息: | 北京 中央广播电视大学出版社 2013 |
|
| 页数: | 193页 | |
| 开本: | 24cm | |
| 丛书名: | ||
| 单 册: | ||
| 中图分类: | G639.712.8 | |
| 科图分类: | ||
| 主题词: | 留学教育--liu xue jiao yu--概况--美国 , 高中--gao zhong--介绍--美国 | |
| 电子资源: | ||
| ISBN: | 978-7-304-04845-7 | |
| 000 | 01056nam0 2200277 450 | |
| 001 | 012001003840 | |
| 005 | 20131027102739.0 | |
| 010 | @a978-7-304-04845-7@dCNY30.00 | |
| 099 | @aCAL 012017076527 | |
| 100 | @a20170512d2013 em y0chiy50 ea | |
| 101 | 0 | @achi |
| 102 | @aCN@b110000 | |
| 105 | @aa z 000yy | |
| 106 | @ar | |
| 200 | 1 | @a青春在彼岸@Aqing chun zai bi an@e留美高中生活实录@f孔屏,袁倪等著 |
| 210 | @a北京@c中央广播电视大学出版社@d2013@h2014印 | |
| 215 | @a193页@c图@d24cm | |
| 330 | @a本书以自述的方式展现了13名优秀高中交换生在美国真实可感的留学生活,书中的“学生作者”都是国内高中学生中的佼佼者,他们介绍自己在美国高中紧张而忙碌的学习情况,在寄宿家庭的种种经历、对美国文化的点滴印象。 | |
| 517 | 1 | @a留美高中生活实录@Aliu mei gao zhong sheng huo shi lu |
| 606 | 0 | @a留学教育@Aliu xue jiao yu@x概况@y美国 |
| 606 | 0 | @a高中@Agao zhong@x介绍@y美国 |
| 690 | @aG639.712.8@v5 | |
| 701 | 0 | @a孔屏,@Akong ping@f196-@4著 |
| 701 | 0 | @a袁倪@Ayuan ni@4著 |
| 801 | 2 | @aCN@b江苏凤凰@c20191020 |
| 905 | @b1227707-10@dG639.712.8@e1477@f4 | |
| 青春在彼岸:留美高中生活实录/孔屏,袁倪等著.-北京:中央广播电视大学出版社,2013(2014印) |
| 193页:图;24cm |
| ISBN 978-7-304-04845-7:CNY30.00 |
| 本书以自述的方式展现了13名优秀高中交换生在美国真实可感的留学生活,书中的“学生作者”都是国内高中学生中的佼佼者,他们介绍自己在美国高中紧张而忙碌的学习情况,在寄宿家庭的种种经历、对美国文化的点滴印象。 |
| ● |
| 相关链接 |
|
|
|
|
正题名:青春在彼岸
索取号:G639.712.8/1477
 
预约/预借
| 序号 | 登录号 | 条形码 | 馆藏地/架位号 | 状态 | 备注 |
| 1 | 1227707 | 212277070 | 第一样本阅览室/ [索取号:G639.712.8/1477] | 在馆 | |
| 2 | 1227708 | 212277089 | 教育系资料室/ [索取号:G639.712.8/1477] | 在馆 | |
| 3 | 1227709 | 212277098 | 教育系资料室/ [索取号:G639.712.8/1477] | 在馆 | |
| 4 | 1227710 | 212277105 | 第四借阅区/ [索取号:G639.712.8/1477] | 在馆 |